| 000 | 00898nam a2200289 i 4500 | ||
|---|---|---|---|
| 001 | 200439922 | ||
| 999 |
_c200439922 _d58134 |
||
| 003 | TR-AnTOB | ||
| 005 | 20240527161247.0 | ||
| 007 | ta | ||
| 008 | 210310s1969 tu g 00| 0 tur d | ||
| 040 |
_aTR-AnTOB _beng _erda _cTR-AnTOB |
||
| 041 | 0 | _atur | |
| 050 | 4 |
_aHD9506.T8 _bA47 1969 |
|
| 090 |
_aHD9506.T8 _bA47 1969 |
||
| 100 | 1 |
_aAlpan, Sadrettin _eauthor _9129551 |
|
| 245 | 1 | 0 |
_aMaden işletme metotları / _cDoç. Dr. Sadrettin Alpan. |
| 264 | 1 |
_aAnkara : _bMTA, _c1969. |
|
| 300 |
_a21 pages : _billustrations ; _c22 cm |
||
| 336 |
_2rdacontent _atext _btxt |
||
| 337 |
_2rdamedia _aunmediated _bn |
||
| 338 |
_2rdacarrier _avolume _bnc |
||
| 490 | 0 |
_aMaden Tetkik ve Arama Enstitüsü yayınlarından Eğitim serisi ; _vno. 2. |
|
| 650 | 0 |
_aMineral endüstrisi _zTürkiye _944237 |
|
| 942 |
_2lcc _cBK |
||